UBT Library

History of a free nation / (Record no. 952)

000 -LEADER
fixed length control field 00618nam a22002057a 4500
008 - FIXED-LENGTH DATA ELEMENTS--GENERAL INFORMATION
fixed length control field 150601b xxu||||| |||| 00| 0 eng d
020 ## - INTERNATIONAL STANDARD BOOK NUMBER
International Standard Book Number 9780028237763
041 1# - LANGUAGE CODE
Language code of text/sound track or separate title eng
080 ## - UNIVERSAL DECIMAL CLASSIFICATION NUMBER
Universal Decimal Classification number 930.85 RIT
100 ## - Rafti
Rafti Bragdon, Henry W.
100 ## - Rafti
-- 1906-1980.
245 00 - TITLE STATEMENT
Title History of a free nation /
Statement of responsibility, etc Henry W. Bragdon, Samuel P. McCutchen, Donald A. Ritchie.
260 ## -
-- New York :
-- Glencoe/McGraw-Hill,
-- c1996.
300 ## -
-- 1118 f
-- me il
-- 30 cm.
500 ## -
-- index
500 ## -
-- bibliografi
650 #0 -
-- United States
-- History.
700 ## -
-- McCutchen, Samuel Proctor,
700 ## -
-- Ritchie, Donald A.,
942 ## - ADDED ENTRY ELEMENTS (KOHA)
Source of classification or shelving scheme
Item type Books
Holdings
Withdrawn status Lost status Source of classification or shelving scheme Damaged status Not for loan Collection code Permanent location Current location Shelving location Date acquired Total Checkouts Full call number Barcode Date last seen Koha item type Price effective from
          Koleksioni i përgjithshem UBT - Lipjan UBT - Lipjan Koleksioni i përgjithshem 09/22/2015   930.85 RIT 002-007641 09/22/2015 Books 09/22/2015
          Koleksioni i përgjithshem UBT - Lipjan UBT - Lipjan Koleksioni i përgjithshem 09/22/2015   930.85 RIT 002-007640 09/22/2015 Books 09/22/2015
          Koleksioni i përgjithshem UBT - Prishtine UBT - Prishtine Koleksioni i përgjithshem 06/01/2015   930.85 RIT 002-007642 06/01/2015 Books  
UBT Library © 2015-2024. All rights reserved University Education for Business and Technology